Wer bin ich? Fußballer erkennen #4 Schwer - Statistiken

Allgemein
  • Dieses Quiz wurde 39 mal gespielt
  • Das Durchschnittsergebnis liegt bei 2 aus 10
Antwortstatistiken
Vereine Gesuchter Spieler % Korrekt
2 OSC Lille FC Liverpool VfL Wolfsburg AC Mailand Nottingham Forest Divock Origi
48%
5 FC Santos
Real Madrid
Manchester City
AC Mailand Guangzhou Evergrande
Atlético Mineiro
Sivasspor
Istanbul Başakşehir FK
Robinho
39%
3 Antalyaspor Beşiktaş Istanbul Manisaspor Fenerbahçe Istanbul Eskişehirspor Trabzonspor Galatasaray Istanbul Beijing Guoan Trabzonspor Beşiktaş Istanbul OSC Lille Fortuna Sittard Burak Yilmaz
33%
4 KRC Genk Standard Lüttich KV Kortrijk KV Mechelen KRC Genk Aston Villa FC Liverpool Crystal Palace D.C. United Christian Benteke
30%
8 FK Partizan AC Florenz Manchester City Inter Mailand FC Sevilla AS Monaco Hertha BSC Olympiakos Piräus Stevan Jovetic
21%
6
FC Chelsea
FC Reading FC Watford AFC Bournemouth Manchester City
Nathan Ake
15%
7
Rayo Vallecano
Real Madrid Castilla
UD Almería
FC Sevilla
Manchester City
FC Valencia FC Middlesbrough
Beşiktaş Istanbul
al-Nasr SC
FC Cádiz
Real Valladolid
Alvaro Negredo
6%
1
CS Sedan
Hertha BSC
Blackburn Rovers
Anschi Machatschkala
Queens Park Rangers
FK Dynamo Moskau
Panathinaikos Athen
Aston Villa
Christopher Samba
6%
10 FC Barcelona Atlético Madrid CFC Genua Inter Mailand Paris Saint-Germain Thiago Motta
6%
9 RC Lens
Tottenham Hotspur
Queens Park Rangers
FC Fulham AC Mailand
Benfica Lissabon
CFC Genua Al-Nasr
Adel Taarabt
3%
Keine übereinstimmenden Quizze gefunden
Verteilung der Resultate
Anzahl Personen mit jedem Resultat
Perzentil nach korrekt beantworteten Fragen
Ihre Resultats-Entwicklung
Sie haben dieses Quiz noch nicht gespielt